|
|
|
|
| LEADER |
00000cam a22000004a 4500 |
| 001 |
musev2_1038 |
| 003 |
MdBmJHUP |
| 005 |
20230905040152.0 |
| 006 |
m o d |
| 007 |
cr||||||||nn|n |
| 008 |
090723s2010 alu o 00 0 eng d |
| 010 |
|
|
|z 2009030307
|
| 020 |
|
|
|a 9780817383329
|
| 020 |
|
|
|z 9780817316785
|
| 020 |
|
|
|z 9780817358693
|
| 035 |
|
|
|a (OCoLC)664233651
|
| 040 |
|
|
|a MdBmJHUP
|c MdBmJHUP
|
| 043 |
|
|
|a n-us---
|a n-mx---
|
| 050 |
0 |
4 |
|a E405.1
|b .L49 2010
|
| 082 |
0 |
|
|a 973.6/3092
|2 22
|
| 100 |
1 |
|
|a Lewis, Felice Flanery.
|
| 245 |
1 |
0 |
|a Trailing Clouds of Glory :
|b Zachary Taylor's Mexican War Campaign and His Emerging Civil War Leaders /
|c Felice Flanery Lewis.
|
| 264 |
|
1 |
|a Tuscaloosa :
|b University of Alabama Press,
|c 2010.
|
| 264 |
|
3 |
|a Baltimore, Md. :
|b Project MUSE,
|c 2012
|
| 264 |
|
4 |
|c ©2010.
|
| 300 |
|
|
|a 1 online resource (348 pages).
|
| 336 |
|
|
|a text
|b txt
|2 rdacontent
|
| 337 |
|
|
|a computer
|b c
|2 rdamedia
|
| 338 |
|
|
|a online resource
|b cr
|2 rdacarrier
|
| 504 |
|
|
|a Includes bibliographical references and index.
|
| 505 |
0 |
|
|a Taylor's Corps of Observation -- Taylor's army of occupation at Corpus Christi -- Encounters with "the enemy" : Corpus Christi to the Rio Grande -- The ambush : "Hostilities may now be considered as commenced" -- Palo Alto, Resaca de la Palma, and Fort Brown -- Occupation of Matamoros, Reynosa, Camargo, and Mier -- March to Monterrey -- Battle of Monterrey -- Captain Robert E. Lee joins General Wool's march into Mexico -- Taylor's changing army and the occupation of Saltillo -- Battle of Buena Vista -- Last days of Taylor's army of occupation -- Appendix: Future Civil War leaders in Taylor's army.
|
| 588 |
|
|
|a Description based on print version record.
|
| 600 |
1 |
0 |
|a Taylor, Zachary,
|d 1784-1850
|x Military leadership.
|
| 650 |
|
0 |
|a Generals
|z United States
|v Biography.
|
| 650 |
|
0 |
|a Mexican War, 1846-1848
|x Campaigns.
|
| 610 |
1 |
0 |
|a United States.
|b Army
|v Biography.
|
| 610 |
1 |
0 |
|a United States.
|b Army
|x History
|y Mexican War, 1846-1848
|
| 651 |
|
0 |
|a United States
|x History
|y Civil War, 1861-1865
|v Biography.
|
| 655 |
|
7 |
|a Electronic books.
|2 local
|
| 710 |
2 |
|
|a Project Muse.
|e distributor
|
| 830 |
|
0 |
|a Book collections on Project MUSE.
|
| 856 |
4 |
0 |
|z Texto completo
|u https://projectmuse.uam.elogim.com/book/1038/
|
| 945 |
|
|
|a Project MUSE - Custom Collection
|
| 945 |
|
|
|a Project MUSE - 2010 History
|
| 945 |
|
|
|a Project MUSE - 2010 Complete
|